000 00667nam a22002417a 4500
003 UA-OsUOA
001 95418
007 ta
008 20130227b un ||||| |||| 00| 0 ukr d
100 _aЭме М.
090 _a821.133.1
_bЭ54
942 _cBK
040 _aUA-OsUOA
_brus
_cUA-OsUOA
_dUA-OsUOA
245 _aЯщики незнакомца ; Наежающей камерой
_bизбранное
300 _a448 с.
955 _a3
041 _arus
080 _a821.133.1
020 _a966-512-045-9
260 _aК.
_bНика-Центр
_c1997
650 7 _a82 Література. Літературознавство
_2UDC
999 _c381669
_d381669